Регионална библиотека "Любен Каравелов" - Русе

Русенски театрален летопис (Запис номер 448439)

MARC детайли
000 -Лидер
Контролно поле с фиксирана дължина 01216nam a2200277 a 4500
003 - Код на организацията, давaща контролен номер
Контролно поле BLK
005 - Дата и час на последна редакция
Контролно поле 20230628135402.0
008 - Елементи от данни с фиксирана дължина
fixed length control field 220307b bu |||||r|||| 00| | bu d
040 ## - Източник на каталожния запис
Идентификатор на билиотеката - собственик на записа BLK
041 ## - Код за език
Код за езика на текст/звукозапис или на отделно заглавие Български
Код за езика КДБФ Български
080 ## - УДК
Текстов определител УДК Театър. Сценично изкуство. Вж 725.82; 782; 82-2
УДК код - определител по УДК 792
УДК определител (497.2)(092)(062)
УДК - код + определител 792(497.2)(092)(062)
111 ## - Редна дума - Наименование на мероприятие, временен колективен автор, като основен търсещ признак (конференция, симпозиум и др.)
9 (RLIN) 471247
Наименование на мероприятието или административната единица, като елемент от редна дума Драматичен театър "Сава Огнянов"
Място на провеждане на мероприятието Русе
Дата на конференцията, семинара и др. 2006
139 ## - Редно поле
Авторски знак Драи - Д 87
245 ## - Сведения за заглавието
Заглавие Русенски театрален летопис
Физически носител (вид на носителя) [Малотир. изд.]
260 ## - Област на издателските данни
9 (RLIN) 441842
Място на издаване, разпространение и проч. Русе
Име на издателя, разпространителя и проч. б. и.
Година на издаване 2006
300 ## - Физическа характеристика
Страници 16 с.
Илюстрации и др. със сн.
Размери/Мащаб 32 см
380 ## - Жанр
Жанр Изкуство
500 ## - Общи забележки
Забележка В чест на 135-годишнината от първото театрално представление в Русе, 95 години- Градски театър и 130 години от рождението на Сава Огнянов
651 #7 - Допълнително описание по предмет - топоним
9 (RLIN) 179462
Географско понятие Русе
653 #7 - Ключова дума – ненормативна
9 (RLIN) 185505
Ключова дума Драматичен театър "Сава Огнянов"
653 #7 - Ключова дума – ненормативна
9 (RLIN) 198069
Ключова дума театър
653 #7 - Ключова дума – ненормативна
9 (RLIN) 187889
Ключова дума история
852 ## - Местоположение
Фондова буква Краезнание
Систематично-азбучна сигнатура К 792/Д 87
999 ## - СИСТЕМНИ КОНТРОЛНИ НОМЕРА
Koha biblionumber 448439
Koha biblioitemnumber 448439
942 ## - АРТИКУЛИ
Вид на библиотечния материал Книги
Скрит в OPAC Не
Периодичен библиозапис Да
Koha issues (borrowed), all copies 1
944 ## - СЪЗДАВАНЕ И РЕДАКЦИЯ на ЗАПИСА
Създаване/Редакция Създаване
Дата на регистрацията/редакция 2022-03-11
Служител, извършил регистрацията/редакцията К.Д.
Наличности
Код за отписване Код за изгубен артикул Източник на класификационната схема Код за повреда Коз за рестрикции Код за отдаване Артикулен № Име на библиотеката - собственик Име на библиотеката, в която се намира в момента Статус (Текущо местоположение) Дата на вписване в системата Местоположение - отдел Цена в лева Систематично азбучна сигнатура Баркод Цена в евро Служебен тип на артикула
  Не е изгубен Universal Decimal Classification Не е повреден само за читалня ползва се в читалня 875678 Регионална библиотека "Любен Каравелов" Русе Регионална библиотека "Любен Каравелов" Русе Краезнание 2022-03-15 Краезнание 2.00 К 792/Д 87 120000868318 1.02 Книги
Vip Innovations Ltd, Rousse, Bulgaria 2025